| 000 | 02632cam a22006494i 4500 | ||
|---|---|---|---|
| 003 | PE-LiUPU | ||
| 005 | 20250731173050.0 | ||
| 008 | 170713t20172017gau rb 011 0 eng | ||
| 020 |
_a088414254X _q(hardcover ; _qalk. paper) |
||
| 020 |
_a1628371919 _q(pbk. ; _qalk. paper) |
||
| 020 |
_a9780884142546 _q(hardcover ; _qalk. paper) |
||
| 020 |
_a9781628371918 _q(pbk. ; _qalk. paper) |
||
| 035 | _a(Sirsi) i9780884142546 | ||
| 035 | _a(OCoLC)994144657 | ||
| 040 |
_aDLC _beng _erda _cDLC _dOCLCO _dLGG _dKAT _dOCLCQ _dPTS _dEYM _dPE-LiUPU |
||
| 049 | _aPRUA | ||
| 050 | 0 | 0 |
_aBS511.3 _b.R429 2017 |
| 082 | 0 | 4 |
_a220.6 _bR3 _223 |
| 245 | 0 | 0 |
_aReading the Bible in ancient traditions and modern editions : _bstudies in memory of Peter W. Flint / _cedited by Andrew B. Perrin, Kyung S. Baek, and Daniel K. Falk. |
| 264 | 1 |
_aAtlanta : _bSBL Press, _c[2017] |
|
| 264 | 4 | _c©2017 | |
| 300 |
_axxx, 715 páginas ; _c23 centímetros. |
||
| 336 |
_atext _2rdacontent |
||
| 337 |
_aunmediated _2rdamedia |
||
| 338 |
_avolume _2rdacarrier |
||
| 490 | 0 |
_aEarly Judaism and its literature ; _vNumber 47 |
|
| 504 | _aBibliografía al final de cada capítulo. | ||
| 504 | _aÍndice : páginas 707-715. | ||
| 505 | 0 | _aHebrew scriptures in ancient traditions and modern editions -- Forms of scripture in antiquity -- Modern critical editions of ancient scriptures and textual criticism -- Recontextualizing scripture in early jewish and christian writings -- Dead sea scrolls -- Hebrew Bible, hellenistic Judaism, and New Testament. | |
| 526 | _aSEG42 | ||
| 526 | _aSEG41 | ||
| 526 | _aSEG40 | ||
| 526 | _aSEG39 | ||
| 526 | _aP94 | ||
| 526 | _aP87 | ||
| 526 | _aP86 | ||
| 526 | _aP85 | ||
| 526 | _aP77 | ||
| 526 | _aP76 | ||
| 526 | _aP35 | ||
| 650 | 0 | 0 |
_aBiblia _xCanon. |
| 650 | 0 | 0 |
_aBiblia _xCriticismo, interpretación, etc. |
| 650 | 0 | 0 |
_aBiblia _xVersiones. |
| 650 | 0 | 0 |
_aBible _xCanon. |
| 650 | 0 | 0 |
_aBible _xCriticism, interpretation, etc. |
| 650 | 0 | 0 |
_aBible _xVersions. |
| 700 | 1 |
_aBaek, Kyung S., _eeditor. |
|
| 700 | 1 |
_aFalk, Daniel K., _eeditor. |
|
| 700 | 1 |
_aPerrin, Andrew B., _eeditor. |
|
| 910 |
_adbm _bncf _cncf _d20180105 |
||
| 942 |
_2ddc _cBOOK |
||
| 949 |
_a220.6 R3 _wDEWEY _c1 _i77819 _lCATALOGING _mBUL _p62.00 _r0 _sY _tBOOK _u2018-01-05 _xPOSGRADO _PP85 _0COMPRA _o.STAFF. Colección Teología. |
||
| 994 |
_aC0 _bPEPRU |
||
| 596 | _a1 | ||
| 999 |
_a220.6 R3 _wDEWEY _c26578 _i77819 _f2021-11-9 _g4 _lCCODEBUL1 _mBUL _p62.00 _r0 _sY _tBOOK _u2018-1-5 _xTEOLOGIA _PP85 _0DONACION _o.STAFF. Colección Teología. _d26578 |
||
| 980 |
_81 _gALBERTO SANCHEZ Responsable de Automatización |
||